[Event "2. CLANSKA LIGA ZAHOD 2014"]
[Site "Ljubljana"]
[Date "2014.10.17"]
[Round "1.1"]
[White "Brezovar, Matjaz"]
[Black "Krumpak, Hinko"]
[Result "1-0"]
[WhiteElo "2250"]
[BlackElo "2140"]
[PlyCount "83"]
[EventDate "2014.10.17"]
[WhiteTeam "SK DOLENJSKE TOPLICE"]
[BlackTeam "SK VISNJA GORA - STICNA"]

1. c4 e5 2. g3 d6 3. Nc3 f5 4. Bg2 Nf6 5. d3 g6 6. e4 Nc6 7. Nge2 Bg7 8. O-O
O-O 9. Nd5 Ne7 10. Nxf6+ Bxf6 11. Bh6 Rf7 12. Qd2 fxe4 13. dxe4 Be6 14. b3 Qd7
15. Rad1 Rd8 16. c5 dxc5 17. Qc1 Qc8 18. Rxd8+ Qxd8 19. Rd1 Qc8 20. Qxc5 b6 21.
Qc1 c5 22. Bg5 Nc6 23. Bxf6 Rxf6 24. Qg5 Qf8 25. f4 h6 26. Qh4 Nd4 27. Nxd4
exd4 28. e5 Rf7 29. Be4 Kg7 30. Bd3 Qe8 31. Rf1 b5 32. g4 Bd5 33. Qe1 Re7 34.
Qe2 a6 35. Re1 Qc6 36. f5 Re8 37. e6 c4 38. Qe5+ Kh7 39. Qf6 cxd3 40. Qxg6+ Kh8
41. f6 Rxe6 42. Qg7# 1-0

[Event "2. CLANSKA LIGA ZAHOD 2014"]
[Site "Ljubljana"]
[Date "2014.10.17"]
[Round "1.2"]
[White "Sotirov, Pavle"]
[Black "Luzar, Emil"]
[Result "1/2-1/2"]
[WhiteElo "1867"]
[BlackElo "2169"]
[PlyCount "62"]
[EventDate "2014.10.17"]
[WhiteTeam "SK VISNJA GORA - STICNA"]
[BlackTeam "SK DOLENJSKE TOPLICE"]

1. e4 c5 2. Nc3 Nc6 3. Nf3 g6 4. Bc4 Bg7 5. a3 e6 6. d3 Nge7 7. Ne2 b5 8. Ba2
a5 9. c3 b4 10. a4 bxc3 11. bxc3 d5 12. exd5 Nxd5 13. Bd2 Ba6 14. d4 cxd4 15.
Nfxd4 Ne5 16. O-O O-O 17. Nb5 Rc8 18. Rc1 Qh4 19. Bxd5 exd5 20. Bf4 Rfd8 21.
Re1 g5 22. Bg3 Qc4 23. Bxe5 Bxe5 24. Ned4 f6 25. Qg4 Bxb5 26. Qe6+ Kg7 27. Nf5+
Kg6 28. Rxe5 Qf4 29. Rce1 Bd7 30. Ne7+ Kg7 31. Nf5+ Kg6 1/2-1/2

[Event "2. CLANSKA LIGA ZAHOD 2014"]
[Site "Ljubljana"]
[Date "2014.10.17"]
[Round "1.3"]
[White "Pucelj, Joze"]
[Black "Perovsek, Milan"]
[Result "0-1"]
[WhiteElo "2099"]
[BlackElo "1812"]
[PlyCount "64"]
[EventDate "2014.10.17"]
[WhiteTeam "SK DOLENJSKE TOPLICE"]
[BlackTeam "SK VISNJA GORA - STICNA"]

1. e4 c5 2. Nf3 e6 3. d4 cxd4 4. Nxd4 a6 5. Nc3 Qc7 6. g3 Nc6 7. Bg2 Bb4 8.
Nde2 Nge7 9. O-O O-O 10. f4 b5 11. a4 Bc5+ 12. Kh1 b4 13. Nb1 Bb7 14. Nd2 d5
15. Nb3 Ba7 16. f5 dxe4 17. fxe6 fxe6 18. Rxf8+ Rxf8 19. Nf4 Nd8 20. Qe2 Qb6
21. Bd2 e3 22. a5 Bxg2+ 23. Nxg2 Qc6 24. Bxe3 Bxe3 25. Qxe3 Qxc2 26. Nc5 Nd5
27. Qd4 Rf2 28. Rg1 Nc6 29. Qg4 Qxc5 30. Qxe6+ Kf8 31. Re1 Nde7 32. Nf4 Qc2 0-1

[Event "2. CLANSKA LIGA ZAHOD 2014"]
[Site "Ljubljana"]
[Date "2014.10.17"]
[Round "1.4"]
[White "Lesjak, Damjan"]
[Black "Muhic, Jure"]
[Result "1-0"]
[WhiteElo "1815"]
[BlackElo "1779"]
[PlyCount "89"]
[EventDate "2014.10.17"]
[WhiteTeam "SK VISNJA GORA - STICNA"]
[BlackTeam "SK DOLENJSKE TOPLICE"]

1. d4 Nf6 2. c4 g6 3. Nc3 d5 4. h3 Bg7 5. Nf3 O-O 6. Bf4 c6 7. e3 Qa5 8. Qd2
Be6 9. cxd5 Nxd5 10. Bg3 Nxc3 11. bxc3 c5 12. Be2 Nc6 13. O-O Rfd8 14. Qb2 Bc8
15. Rfd1 cxd4 16. cxd4 b6 17. Rac1 Bb7 18. Bb5 Nb4 19. Be2 Rac8 20. a3 Nd5 21.
Nd2 Nc3 22. Re1 e5 23. Nc4 Nxe2+ 24. Qxe2 Qb5 25. Rc2 exd4 26. exd4 Qd5 27. Ne3
Qxd4 28. Rd1 Qe4 29. Rxc8 Rxc8 30. Rd7 Rc1+ 31. Kh2 Bf6 32. Qd2 Rc3 33. Qa2 Qe6
34. Qxe6 fxe6 35. Rxb7 Rxa3 36. Ng4 Bd4 37. Be5 Bxe5+ 38. Nxe5 Ra2 39. Kg3 Ra3+
40. f3 Ra2 41. Nc6 h6 42. Rxa7 Rc2 43. Ne7+ Kf7 44. Kf4 Kf6 45. g3 1-0

[Event "2. CLANSKA LIGA ZAHOD 2014"]
[Site "Ljubljana"]
[Date "2014.10.17"]
[Round "1.5"]
[White "Janko, Roman"]
[Black "Jese, Janez"]
[Result "1-0"]
[WhiteElo "1835"]
[BlackElo "1846"]
[PlyCount "97"]
[EventDate "2014.10.17"]
[WhiteTeam "SK DOLENJSKE TOPLICE"]
[BlackTeam "SK VISNJA GORA - STICNA"]

1. e4 e5 2. Bc4 Nf6 3. Nc3 Bc5 4. d3 h6 5. Nf3 Nc6 6. O-O d6 7. h3 a6 8. a4 O-O
9. Qe2 Be6 10. Ba2 Qd7 11. Be3 Bxa2 12. Bxc5 Be6 13. Be3 Nh7 14. Nd2 f5 15.
exf5 Bxf5 16. Nde4 b6 17. Nd5 Rae8 18. c4 Ne7 19. Nxe7+ Rxe7 20. Ng3 Bxh3 21.
gxh3 Qxh3 22. Qh5 Qe6 23. a5 Nf6 24. Qf5 Qxf5 25. Nxf5 Ref7 26. axb6 cxb6 27.
Nxd6 Rd7 28. c5 Nd5 29. Nc4 Nxe3 30. fxe3 Rxf1+ 31. Kxf1 bxc5 32. Ke2 e4 33.
dxe4 Rb7 34. Rxa6 Rb4 35. Kd3 Rb3+ 36. Kc2 Rb8 37. e5 Kf7 38. Kd3 h5 39. Ke4 g5
40. Kf5 g4 41. Rh6 Rg8 42. Rxh5 g3 43. Rh7+ Ke8 44. Rh1 g2 45. Rg1 Rf8+ 46. Ke4
Rf2 47. Kd5 Ke7 48. Kxc5 Ke6 49. b4 1-0

[Event "2. CLANSKA LIGA ZAHOD 2014"]
[Site "Ljubljana"]
[Date "2014.10.17"]
[Round "1.6"]
[White "Kocmur, Boris"]
[Black "Gorse, Damjan"]
[Result "1/2-1/2"]
[WhiteElo "1686"]
[BlackElo "1777"]
[PlyCount "74"]
[EventDate "2014.10.17"]
[WhiteTeam "SK VISNJA GORA - STICNA"]
[BlackTeam "SK DOLENJSKE TOPLICE"]

1. d4 Nf6 2. c4 g6 3. Nc3 Bg7 4. e4 d6 5. Be3 O-O 6. Be2 Nbd7 7. Qd2 c5 8. Nf3
Qa5 9. O-O Re8 10. h3 Nf8 11. d5 N6d7 12. Bh6 Ne5 13. Nxe5 Bxe5 14. f4 Bd4+ 15.
Kh1 a6 16. f5 Nd7 17. fxg6 fxg6 18. Qf4 Bf6 19. h4 Ne5 20. h5 Bd7 21. g4 Bg7
22. Bxg7 Kxg7 23. h6+ Kg8 24. Qg5 b5 25. Rf5 Nf7 26. Rxf7 Kxf7 27. e5 Kg8 28.
e6 Qd8 29. Bd3 Kh8 30. exd7 Rf8 31. cxb5 Qxd7 32. Re1 Rf7 33. bxa6 Rb8 34. Nb5
Rxb5 35. Bxb5 Qxb5 36. Qc1 Qxa6 37. Qc3+ Kg8 1/2-1/2

[Event "2. CLANSKA LIGA ZAHOD 2014"]
[Site "Ljubljana"]
[Date "2014.10.17"]
[Round "1.1"]
[White "Lucovnik, Tilen"]
[Black "Jukan, Nesib"]
[Result "1-0"]
[WhiteElo "1992"]
[BlackElo "2015"]
[PlyCount "130"]
[EventDate "2014.10.17"]
[WhiteTeam "SK KOMENDA"]
[BlackTeam "SK TRZIN"]

1. e4 e5 2. Nf3 Nf6 3. Nxe5 d6 4. Nf3 Nxe4 5. Nc3 Nxc3 6. dxc3 Nc6 7. Be3 Be7
8. Qd2 Be6 9. Bd3 Qd7 10. O-O O-O-O 11. Bb5 a6 12. Ba4 b5 13. Bb3 Na5 14. Bxe6
fxe6 15. b3 Bf6 16. Bg5 Kb7 17. a4 Nc6 18. axb5 axb5 19. Bxf6 gxf6 20. Nd4 Na7
21. c4 Ra8 22. Qa5 e5 23. Qa6+ Kb8 24. Nxb5 Qc8 25. Qa3 Qb7 26. Nxa7 Rxa7 27.
Qxa7+ Qxa7 28. Rxa7 Kxa7 29. Ra1+ Kb6 30. Kf1 Rg8 31. g3 Kc5 32. c3 h5 33. Ke2
Rb8 34. Ra5+ Kc6 35. b4 Rg8 36. h3 f5 37. Kf3 h4 38. Ra1 Rh8 39. Rh1 Kd7 40. g4
Rf8 41. g5 Rg8 42. Rg1 Rg6 43. Ke3 Ke6 44. f4 c6 45. Ra1 Rg8 46. Ra7 d5 47. Ra6
Kd7 48. Ra7+ Kd6 49. c5+ Ke6 50. Rc7 d4+ 51. cxd4 exf4+ 52. Kxf4 Kd5 53. Kxf5
Rf8+ 54. Kg4 Rb8 55. Kxh4 Rxb4 56. Kh5 Kxd4 57. Rxc6 Rb8 58. h4 Ke5 59. Rf6 Rb4
60. c6 Rc4 61. Rf1 Rxc6 62. g6 Rc7 63. Kh6 Rc6 64. h5 Rf6 65. Rxf6 Kd5 1-0

[Event "2. CLANSKA LIGA ZAHOD 2014"]
[Site "Ljubljana"]
[Date "2014.10.17"]
[Round "1.2"]
[White "Rojs, Igor"]
[Black "Leonardi, Caterina"]
[Result "1-0"]
[WhiteElo "1972"]
[BlackElo "1984"]
[PlyCount "125"]
[EventDate "2014.10.17"]
[WhiteTeam "SK TRZIN"]
[BlackTeam "SK KOMENDA"]

1. d4 d5 2. Nf3 Nf6 3. c4 c6 4. Nc3 a6 5. b3 Bf5 6. e3 e6 7. Bd3 Bb4 8. Bb2 Bg4
9. O-O O-O 10. h3 Bh5 11. Be2 Nbd7 12. Ne5 Bxe2 13. Qxe2 Rc8 14. f4 Bxc3 15.
Bxc3 Ne4 16. Be1 f6 17. Nd3 f5 18. Kh2 b5 19. c5 Qe8 20. a4 Ra8 21. a5 Rf6 22.
Nb4 Nb8 23. Rg1 Rh6 24. g4 fxg4 25. Qxg4 Ra7 26. Ra2 Nf6 27. Qf3 Rf7 28. Rag2
Qc8 29. Nd3 Nbd7 30. Nf2 Nf8 31. Ng4 Nxg4+ 32. Rxg4 Ng6 33. Qg2 Qf8 34. b4 Rf5
35. Rg5 Rh5 36. Rxh5 Rxh5 37. Qg4 Rf5 38. Bh4 Qf7 39. Bg5 Nf8 40. Bh6 Rf6 41.
Bg5 Rf5 42. Bh6 Ng6 43. Bg5 Kh8 44. Rg2 Nf8 45. Bh4 h6 46. Qg3 Nh7 47. Qg6 Qxg6
48. Rxg6 Nf8 49. Rg1 Kh7 50. Be7 Ng6 51. Bd6 Nh4 52. Rg3 g5 53. Kg1 Ng6 54. Rg4
Nh8 55. Kg2 Nf7 56. Bc7 h5 57. Rg3 h4 58. Rg4 Kg6 59. Kf3 Kh5 60. Bd6 gxf4 61.
exf4 Nh6 62. Rg7 Rf7 63. Rg5# 1-0

[Event "2. CLANSKA LIGA ZAHOD 2014"]
[Site "Ljubljana"]
[Date "2014.10.17"]
[Round "1.3"]
[White "Kobold, Andrej"]
[Black "Rijavec, Stane"]
[Result "1-0"]
[WhiteElo "1923"]
[BlackElo "1964"]
[PlyCount "107"]
[EventDate "2014.10.17"]
[WhiteTeam "SK KOMENDA"]
[BlackTeam "SK TRZIN"]

1. e4 c5 2. Nc3 d6 3. g3 Nf6 4. Bg2 e6 5. d3 Nc6 6. f4 a6 7. a4 Qc7 8. Nf3 Be7
9. O-O O-O 10. h3 Rb8 11. g4 b5 12. f5 b4 13. Ne2 Ne8 14. Nf4 g6 15. c3 Bf6 16.
Qc2 Bg7 17. Be3 Qd8 18. d4 bxc3 19. bxc3 cxd4 20. cxd4 Nb4 21. Qd2 exf5 22.
gxf5 gxf5 23. Rab1 a5 24. e5 dxe5 25. dxe5 Qxd2 26. Bxd2 Ba6 27. Rfc1 Bh6 28.
Nd5 Bxd2 29. Nxd2 Ng7 30. Nf6+ Kh8 31. Nd7 Bd3 32. Nxf8 Bxb1 33. Nd7 Rd8 34.
Nxb1 Rxd7 35. Rc8+ Ne8 36. Rxe8+ Kg7 37. Nc3 Rd3 38. Nb5 Rd1+ 39. Kh2 Rd2 40.
Kg3 f4+ 41. Kf3 Nd3 42. Nd6 Ne1+ 43. Kxf4 Nxg2+ 44. Kg5 h6+ 45. Kg4 Ne3+ 46.
Kf3 Nd5 47. Ra8 Ne7 48. Ra7 Nc6 49. Rxf7+ Kg6 50. Rf6+ Kh7 51. Ne4 Nxe5+ 52.
Kf4 Ng6+ 53. Rxg6 Kxg6 54. Nxd2 1-0

[Event "2. CLANSKA LIGA ZAHOD 2014"]
[Site "Ljubljana"]
[Date "2014.10.17"]
[Round "1.4"]
[White "Bajec, Borut"]
[Black "Trpin, Alenka"]
[Result "1/2-1/2"]
[WhiteElo "1804"]
[BlackElo "1732"]
[PlyCount "33"]
[EventDate "2014.10.17"]
[WhiteTeam "SK TRZIN"]
[BlackTeam "SK KOMENDA"]

1. d4 d5 2. c4 e6 3. Nc3 Bb4 4. a3 Bxc3+ 5. bxc3 dxc4 6. Qa4+ Nd7 7. Qxc4 Ngf6
8. Nf3 h6 9. e3 O-O 10. Bd3 b6 11. O-O Bb7 12. Be2 c5 13. Qd3 Qc7 14. Nd2 Rfc8
15. c4 Rd8 16. Bb2 Rac8 17. Rac1 1/2-1/2

[Event "2. CLANSKA LIGA ZAHOD 2014"]
[Site "Ljubljana"]
[Date "2014.10.17"]
[Round "1.5"]
[White "Markosek, Maj"]
[Black "Mihelic, Bojan"]
[Result "1-0"]
[WhiteElo "1728"]
[BlackElo "1794"]
[PlyCount "109"]
[EventDate "2014.10.17"]
[WhiteTeam "SK KOMENDA"]
[BlackTeam "SK TRZIN"]

1. d4 e6 2. c4 Bb4+ 3. Nc3 Nf6 4. e3 O-O 5. Bd3 Bxc3+ 6. bxc3 d6 7. Ne2 Nbd7 8.
O-O c5 9. f3 b6 10. e4 e5 11. d5 Re8 12. Ng3 Nf8 13. Be3 Ng6 14. Qd2 a5 15. Bg5
h6 16. Be3 a4 17. a3 Bd7 18. Rab1 Qc7 19. Rb2 Ra7 20. Rfb1 Rb8 21. Bc2 Ra6 22.
Nf5 Bxf5 23. exf5 Ne7 24. g4 Nh7 25. h4 f6 26. Kh2 Kf7 27. Rg1 Rg8 28. Be4 Qd7
29. Kg2 Ke8 30. Kf1 Kd8 31. Qd3 Kc7 32. Rh2 Rf8 33. Ke1 Raa8 34. g5 fxg5 35.
hxg5 Nxg5 36. Bxg5 hxg5 37. Rxg5 Ng8 38. Rhg2 Rf7 39. Qf1 Nf6 40. Qg1 Rg8 41.
Qf1 Nh7 42. Rg6 Nf6 43. Rh2 Ne8 44. Qh1 Nf6 45. Rh8 Rxh8 46. Qxh8 Kb7 47. Qh2
Ng8 48. Re6 Nh6 49. Qh5 Ng8 50. Qg5 Nf6 51. Qg6 Ng8 52. Rxd6 Qc7 53. Rxb6+ Ka7
54. Ra6+ Kb7 55. d6+ 1-0

[Event "2. CLANSKA LIGA ZAHOD 2014"]
[Site "Ljubljana"]
[Date "2014.10.17"]
[Round "1.6"]
[White "Grum, Andrej"]
[Black "Unuk, Jan"]
[Result "1-0"]
[WhiteElo "1711"]
[BlackElo "1566"]
[PlyCount "77"]
[EventDate "2014.10.17"]
[WhiteTeam "SK TRZIN"]
[BlackTeam "SK KOMENDA"]

1. e4 e6 2. d4 d5 3. Nd2 Nf6 4. e5 Nfd7 5. c3 c5 6. Bd3 Nc6 7. Ne2 Qb6 8. Nf3
cxd4 9. cxd4 Bb4+ 10. Kf1 f6 11. exf6 Nxf6 12. Qc2 Ne7 13. Bg5 Neg8 14. Rc1 Bd6
15. g3 Bd7 16. Kg2 Bb5 17. Ne5 Bxd3 18. Qxd3 Ne4 19. Be3 Ne7 20. f3 Nf6 21. Nf4
Bb8 22. Rc2 O-O 23. g4 Rd8 24. Rhc1 Nd7 25. Nh3 h6 26. f4 Qd6 27. Bf2 Nxe5 28.
fxe5 Qd7 29. Bh4 Rf8 30. Bxe7 Qxe7 31. Rc8 a6 32. Nf4 Re8 33. Qg6 Ba7 34. Rxa8
Rxa8 35. Nxe6 Bb6 36. Rf1 Ba5 37. g5 hxg5 38. Nxg5 Rf8 39. Qh7# 1-0

[Event "2. CLANSKA LIGA ZAHOD 2014"]
[Site "Ljubljana"]
[Date "2014.10.17"]
[Round "1.1"]
[White "Solmajer, Luka"]
[Black "Flego, Marino"]
[Result "1-0"]
[WhiteElo "2080"]
[BlackElo "1972"]
[PlyCount "155"]
[EventDate "2014.10.17"]
[WhiteTeam "SD KC LJUBLJANA"]
[BlackTeam "SD PIRAN"]

1. d4 d5 2. c4 e6 3. Nf3 Nf6 4. g3 Be7 5. Bg2 O-O 6. O-O b6 7. Ne5 Bb7 8. Nc3
a6 9. Bg5 Ne4 10. Bxe7 Qxe7 11. Rc1 Nd7 12. cxd5 Nxc3 13. Rxc3 Nxe5 14. dxe5
exd5 15. Bxd5 Rad8 16. Rd3 c6 17. Bf3 Rxd3 18. Qxd3 Rd8 19. Qc3 c5 20. Re1 h6
21. Qb3 Bxf3 22. exf3 Qe6 23. Qxe6 fxe6 24. Re2 b5 25. f4 Rd4 26. Rc2 c4 27. b3
cxb3 28. axb3 a5 29. Rc3 a4 30. bxa4 bxa4 31. Kg2 Rb4 32. Rc8+ Kf7 33. Rc7+ Kg8
34. Ra7 g6 35. Kf3 h5 36. h3 Rb3+ 37. Ke4 a3 38. h4 Rb4+ 39. Ke3 Rb3+ 40. Kd4
Kf8 41. Kc4 Rf3 42. Kc5 Rxf2 43. Rxa3 Rd2 44. Kc4 Rd7 45. Rd3 Rc7+ 46. Kd4 Ke7
47. Rc3 Rd7+ 48. Ke4 Rb7 49. Kf3 Ra7 50. Rb3 Ra1 51. Rb7+ Kf8 52. Rd7 Ra3+ 53.
Kf2 Rc3 54. Rd2 Ke7 55. Re2 Ra3 56. Re3 Ra1 57. Kg2 Rb1 58. Kh2 Rc1 59. Rb3 Rc7
60. Kh3 Rc1 61. Rb2 Rc3 62. Rf2 Re3 63. Kg2 Rd3 64. Rc2 Rd7 65. g4 Kf7 66. Kf3
Rd3+ 67. Ke4 Rd7 68. gxh5 gxh5 69. f5 Ra7 70. Rc4 Ke7 71. Kf4 Kf7 72. fxe6+
Kxe6 73. Rc6+ Kf7 74. Kf5 Kg7 75. Rg6+ Kh7 76. Rg5 Kh6 77. e6 Ra1 78. e7 1-0

[Event "2. CLANSKA LIGA ZAHOD 2014"]
[Site "Ljubljana"]
[Date "2014.10.17"]
[Round "1.2"]
[White "Ribicic, Marko"]
[Black "Persl, Bojan"]
[Result "1-0"]
[WhiteElo "1830"]
[BlackElo "2083"]
[PlyCount "179"]
[EventDate "2014.10.17"]
[WhiteTeam "SD PIRAN"]
[BlackTeam "SD KC LJUBLJANA"]

1. b3 d6 2. c4 e5 3. Bb2 Nf6 4. g3 Be7 5. Nc3 O-O 6. Bg2 Re8 7. Nf3 c6 8. d3 a5
9. a4 Na6 10. O-O Qc7 11. Rc1 Bf8 12. Nd2 Be6 13. Nde4 Nxe4 14. Nxe4 f6 15. f4
Qb6+ 16. Kh1 Rad8 17. Rb1 Bf7 18. Bc3 d5 19. Nd2 exf4 20. Rxf4 Nb4 21. Qf1 Bh5
22. g4 Bg6 23. Bd4 Qc7 24. Rf3 Qe7 25. Re3 Qd7 26. Rxe8 Rxe8 27. Nf3 Qxg4 28.
Bh3 Qf4 29. Bd7 Re7 30. Bh3 Nc2 31. Bc5 Re8 32. Bf2 Ne3 33. Bxe3 Qxe3 34. Ng1
Bd6 35. cxd5 Qe5 36. Nf3 Qxd5 37. e4 Qh5 38. Nd4 Qe5 39. Nf3 Qf4 40. Qg2 Qe3
41. Qf1 Bh5 42. Bg2 Qf4 43. Qf2 Bf7 44. Qd4 c5 45. Qf2 g5 46. Qd2 g4 47. Qxf4
Bxf4 48. Nh4 Rd8 49. Bf1 b6 50. Nf5 h5 51. Be2 Kh7 52. Kg2 Kg6 53. h3 Rd7 54.
hxg4 hxg4 55. Kf2 Kg5 56. Rg1 Bh5 57. Ke1 Be5 58. Rh1 Bg6 59. Ne3 g3 60. Nd5
Rb7 61. Rh8 f5 62. Rg8 fxe4 63. dxe4 Rh7 64. Bf3 Bd4 65. Ke2 Rh2+ 66. Kd3 Rf2
67. Bh1 g2 68. Bxg2 Rxg2 69. Rxg6+ Kxg6 70. Nf4+ Kf6 71. Nxg2 Ke5 72. Ne1 Bf2
73. Nf3+ Kd6 74. Kc4 Bg3 75. Kb5 Bf2 76. Nd2 Ke5 77. Nc4+ Kxe4 78. Nxb6 Kd4 79.
Nc4 Kc3 80. Nxa5 Bg1 81. Nc4 Kxb3 82. a5 Bh2 83. a6 Bb8 84. Kxc5 Ba7+ 85. Kb5
Kc3 86. Na5 Bg1 87. Nc4 Ba7 88. Nb6 Kd4 89. Kc6 Ke5 90. Kb7 1-0

[Event "2. CLANSKA LIGA ZAHOD 2014"]
[Site "Ljubljana"]
[Date "2014.10.17"]
[Round "1.3"]
[White "Sadikov, Aleksander"]
[Black "Grein, Bogomir"]
[Result "1-0"]
[WhiteElo "1981"]
[BlackElo "1778"]
[PlyCount "109"]
[EventDate "2014.10.17"]
[WhiteTeam "SD KC LJUBLJANA"]
[BlackTeam "SD PIRAN"]

1. e4 d6 2. d4 c6 3. c4 Qc7 4. Nc3 e5 5. h3 Nf6 6. Bg5 Be7 7. Nf3 Nbd7 8. Bd3
Nf8 9. d5 Ng6 10. Qd2 h6 11. Be3 Nh5 12. g3 c5 13. Be2 Nf6 14. Ng1 Bd7 15. f4
exf4 16. gxf4 a6 17. Nf3 O-O-O 18. O-O-O Rhe8 19. Bd3 Bf8 20. e5 dxe5 21. Bxg6
fxg6 22. fxe5 Nh5 23. Qf2 Kb8 24. e6 Bc8 25. Ne4 b6 26. Nh4 g5 27. Ng6 Bd6 28.
Nxd6 Qxd6 29. Rhe1 Ka8 30. h4 g4 31. Qf5 Nf6 32. Bf4 Bxe6 33. dxe6 Qc6 34.
Rxd8+ Rxd8 35. e7 Rd4 36. b3 Ne8 37. Qe6 Kb7 38. Qxc6+ Kxc6 39. Rd1 Rxd1+ 40.
Kxd1 Kd7 41. Ke2 Ke6 42. h5 Kf5 43. Ke3 Ke6 44. Bb8 b5 45. Kf4 Nf6 46. Kg3
Nxh5+ 47. Kxg4 Nf6+ 48. Kf3 Kf7 49. Nf4 bxc4 50. bxc4 g5 51. Nd5 Nd7 52. Bd6 h5
53. a4 a5 54. Ke4 g4 55. Kf5 1-0

[Event "2. CLANSKA LIGA ZAHOD 2014"]
[Site "Ljubljana"]
[Date "2014.10.17"]
[Round "1.6"]
[White "Ploc, Albert"]
[Black "Pecnik, Primoz"]
[Result "0-1"]
[WhiteElo "1500"]
[BlackElo "1874"]
[PlyCount "56"]
[EventDate "2014.10.17"]
[WhiteTeam "SD PIRAN"]
[BlackTeam "SD KC LJUBLJANA"]

1. e4 d5 2. exd5 Nf6 3. Bc4 Nxd5 4. Qf3 e6 5. Ne2 Be7 6. O-O O-O 7. Nbc3 Nxc3
8. dxc3 Nc6 9. Bf4 Bf6 10. Bd3 g6 11. Rad1 Qe7 12. Ng3 Ne5 13. Qe4 Nxd3 14.
Rxd3 e5 15. Bh6 Re8 16. Rf3 Bg7 17. Bxg7 Kxg7 18. h3 f5 19. Qe2 e4 20. Nh5+
gxh5 21. Rg3+ Kh8 22. Qxh5 Be6 23. Re1 Rg8 24. Rge3 Qg5 25. Qxg5 Rxg5 26. f3
Rag8 27. g4 fxg4 28. Rxe4 gxf3+ 0-1

[Event "2. CLANSKA LIGA ZAHOD 2014"]
[Site "Ljubljana"]
[Date "2014.10.17"]
[Round "1.1"]
[White "Kodric, Vladimir"]
[Black "Biti, Ozren"]
[Result "0-1"]
[WhiteElo "1949"]
[BlackElo "2354"]
[PlyCount "214"]
[EventDate "2014.10.17"]
[WhiteTeam "SK LOSKA DOLINA"]
[BlackTeam "SD POSOCJE"]

1. d4 d6 2. e4 Nf6 3. Bd3 e5 4. d5 c6 5. c4 Be7 6. Nc3 O-O 7. Nge2 Na6 8. O-O
Nh5 9. Ng3 Nf4 10. Bc2 g6 11. Be3 Bg5 12. a3 c5 13. Qd2 b6 14. Nge2 Nxe2+ 15.
Qxe2 Nc7 16. Bxg5 Qxg5 17. Qe3 Qe7 18. f4 exf4 19. Qxf4 f6 20. h3 Ba6 21. Bd3
Rae8 22. Rae1 Qd8 23. Qg3 Re5 24. Rf3 Qe7 25. Ref1 Ne8 26. Qf2 Qg7 27. Qh4 Rh5
28. Qf4 Qe7 29. R1f2 Qe5 30. Qxe5 Rxe5 31. g3 Rf7 32. Kg2 Kg7 33. g4 Bc8 34.
Kh2 Rf8 35. Ne2 h5 36. gxh5 Rxh5 37. Nf4 Rh6 38. Bf1 Rfh8 39. Ne2 g5 40. Rg3
Kf7 41. Ng1 Ke7 42. b4 Rh4 43. Re3 Ng7 44. bxc5 bxc5 45. Rb2 Kd8 46. Rb8 Kc7
47. Reb3 Ba6 48. Rxh8 Rxh8 49. Be2 Kd7 50. Bg4+ Kc7 51. Rc3 Rb8 52. Ne2 Rb2 53.
Kg3 Kd8 54. Kf3 Ke7 55. Kg3 f5 56. exf5 Nxf5+ 57. Bxf5 Rxe2 58. Kf3 Re1 59. Kf2
Re5 60. Bc2 Bc8 61. Kg3 Re1 62. Kf2 Rh1 63. Kg2 Rc1 64. Re3+ Kf6 65. Bb3 Bf5
66. Kf2 Rh1 67. Kg2 Ra1 68. Ba4 a5 69. Kf2 Rh1 70. Kg2 Rc1 71. Bb3 Ra1 72. Ba4
Ra2+ 73. Kg3 Rd2 74. Bb5 Rd3 75. Rxd3 Bxd3 76. Kf3 Bf5 77. Kg3 Ke5 78. h4 gxh4+
79. Kxh4 Bd3 80. Kg5 Bf5 81. Ba4 Bd3 82. Bb5 Bc2 83. Ba6 a4 84. Bb5 Bb3 85. Kg6
Kd4 86. Kf6 Bxc4 87. Bxc4 Kxc4 88. Ke6 Kb3 89. Kxd6 c4 90. Ke5 c3 91. d6 c2 92.
d7 c1=Q 93. d8=Q Qe3+ 94. Kf5 Kxa3 95. Qa8 Qc5+ 96. Kf4 Qc4+ 97. Ke3 Kb2 98.
Kd2 Qc3+ 99. Kd1 Qd3+ 100. Ke1 Qc3+ 101. Kd1 Qc2+ 102. Ke1 a3 103. Qb8+ Ka1
104. Qd6 Qc1+ 105. Ke2 Kb1 106. Kf3 Qc3+ 107. Ke2 a2 0-1

[Event "2. CLANSKA LIGA ZAHOD 2014"]
[Site "Ljubljana"]
[Date "2014.10.17"]
[Round "1.2"]
[White "Vandersmissen, Mathieu"]
[Black "Drobnic, Milan"]
[Result "0-1"]
[WhiteElo "2117"]
[BlackElo "1856"]
[PlyCount "64"]
[EventDate "2014.10.17"]
[WhiteTeam "SD POSOCJE"]
[BlackTeam "SK LOSKA DOLINA"]

1. e4 d6 2. d4 Nf6 3. Nc3 Nbd7 4. Nf3 e5 5. Bc4 Be7 6. O-O O-O 7. Re1 c6 8. a4
b6 9. b3 Bb7 10. Bf1 a6 11. Bb2 Qc7 12. Qd3 Rfd8 13. Rac1 Nf8 14. g3 Ng6 15.
Bg2 h5 16. h4 b5 17. Ng5 Bf8 18. Nd1 bxa4 19. Ne3 axb3 20. cxb3 Qb6 21. Nf5 Qb5
22. Qf3 a5 23. Bf1 Qb6 24. dxe5 Nxe5 25. Qe2 Ba6 26. Qd1 Bxf1 27. Rxf1 a4 28.
Bxe5 dxe5 29. Qc2 axb3 30. Qxc6 Qxc6 31. Rxc6 b2 32. Ne3 Rdb8 0-1

[Event "2. CLANSKA LIGA ZAHOD 2014"]
[Site "Ljubljana"]
[Date "2014.10.17"]
[Round "1.3"]
[White "Stanic, Vitko"]
[Black "Raspor, Gregor"]
[Result "0-1"]
[WhiteElo "1794"]
[BlackElo "2068"]
[PlyCount "66"]
[EventDate "2014.10.17"]
[WhiteTeam "SK LOSKA DOLINA"]
[BlackTeam "SD POSOCJE"]

1. d4 Nf6 2. c4 e6 3. Nf3 b6 4. g3 Bb7 5. Bg2 Be7 6. O-O O-O 7. Nbd2 c5 8. e3
d5 9. b3 Nc6 10. Bb2 cxd4 11. Nxd4 Rc8 12. a3 Nxd4 13. Bxd4 Qd7 14. Re1 dxc4
15. Nxc4 Bxg2 16. Kxg2 Qd5+ 17. Kg1 Rfd8 18. Qe2 Ne4 19. Rad1 Ng5 20. e4 Qb5
21. h4 Qxb3 22. Nd2 Qxa3 23. Be3 Rxd2 24. Rxd2 Nxe4 25. Rc2 Rxc2 26. Qxc2 Nf6
27. Qc8+ Bf8 28. Rc1 Nd5 29. Bd2 a5 30. Qc2 a4 31. Rb1 Bc5 32. Be1 Qf3 33. Rb2
Nc3 0-1

[Event "2. CLANSKA LIGA ZAHOD 2014"]
[Site "Ljubljana"]
[Date "2014.10.17"]
[Round "1.4"]
[White "Ursic, Mateja"]
[Black "Loknar, Kresimir"]
[Result "1-0"]
[WhiteElo "2034"]
[BlackElo "1709"]
[PlyCount "109"]
[EventDate "2014.10.17"]
[WhiteTeam "SD POSOCJE"]
[BlackTeam "SK LOSKA DOLINA"]

1. e4 e5 2. Nf3 Nf6 3. Nc3 Bb4 4. Nxe5 Bxc3 5. dxc3 d6 6. Nf3 Nxe4 7. Bd3 Nf6
8. O-O O-O 9. c4 Bg4 10. b3 Re8 11. Bb2 Nc6 12. h3 Bh5 13. Be2 Nd7 14. Re1 Re6
15. Nd4 Rxe2 16. Nxe2 Nde5 17. Qd2 Qd7 18. Nf4 Qf5 19. Nxh5 Qxh5 20. Qc3 f6 21.
Re3 Rf8 22. Rae1 g5 23. Qd2 Ne7 24. Bxe5 fxe5 25. c5 Qg6 26. cxd6 cxd6 27. Qd3
Qe6 28. Rg3 h6 29. Qe4 Nc6 30. Rd3 Kg7 31. Qd5 Qxd5 32. Rxd5 Rf6 33. Red1 Nd4
34. Rd2 h5 35. c3 Nf5 36. a4 g4 37. hxg4 hxg4 38. g3 Kf7 39. Rb5 b6 40. a5 bxa5
41. Rxa5 e4 42. Rxa7+ Kg8 43. Re2 d5 44. Rd7 Nd6 45. Ra2 Nb5 46. c4 dxc4 47.
bxc4 Nc3 48. Ra8+ Rf8 49. Rxf8+ Kxf8 50. Kf1 e3 51. fxe3 Ne4 52. Kg2 Ke8 53.
Rd4 Nf6 54. c5 Ke7 55. c6 1-0

[Event "2. CLANSKA LIGA ZAHOD 2014"]
[Site "Ljubljana"]
[Date "2014.10.17"]
[Round "1.5"]
[White "Bavec, Vinko"]
[Black "Ursic, Jakob"]
[Result "0-1"]
[WhiteElo "1644"]
[BlackElo "1952"]
[PlyCount "146"]
[EventDate "2014.10.17"]
[WhiteTeam "SK LOSKA DOLINA"]
[BlackTeam "SD POSOCJE"]

1. d4 d5 2. Nf3 e6 3. g3 c5 4. Bg2 Nc6 5. c3 Nf6 6. O-O b6 7. Bg5 h6 8. Bxf6
Qxf6 9. e3 Bb7 10. Nbd2 Bd6 11. dxc5 Bxc5 12. Nb3 Bd6 13. Nbd4 Rc8 14. Qa4 a6
15. Nxc6 Rxc6 16. Qd4 Ke7 17. Qxf6+ Kxf6 18. Nd4 Rc7 19. Rfe1 h5 20. h3 g6 21.
e4 dxe4 22. Bxe4 Bxe4 23. Rxe4 Rd8 24. Rae1 Bc5 25. Nf3 Rd3 26. Kg2 Rd5 27. h4
Kg7 28. R1e2 Be7 29. Rd4 Rxd4 30. Nxd4 Rd7 31. a3 Bf6 32. Nc2 Kf8 33. Ne3 Ke7
34. Nc2 Rd1 35. Ne3 Rd3 36. Nc4 b5 37. Ne3 Kd6 38. c4 Rb3 39. cxb5 axb5 40. Nd1
Rd3 41. Ne3 Bd4 42. Kf1 Rb3 43. Nd1 Kd5 44. Rc2 Ke4 45. Ke2 f6 46. Rc6 Kd5 47.
Rc2 Ke4 48. Rc6 Bxb2 49. Rxe6+ Kf5 50. Re3 Rxe3+ 51. Nxe3+ Ke4 52. Nc2 Kd5 53.
Kd3 g5 54. f3 gxh4 55. gxh4 f5 56. f4 Bc1 57. Nd4 Bxa3 58. Nxf5 Bc1 59. Ng3
Bxf4 60. Nxh5 Be5 61. Kc2 Kc4 62. Kd2 Kb3 63. Ke3 Kc2 64. Nf4 b4 65. Nd3 b3 66.
Ke4 Bg7 67. h5 Bf8 68. Kd4 Bg7+ 69. Ke3 Kc3 70. Nf2 Bd4+ 71. Ke2 Bxf2 72. Kxf2
b2 73. h6 b1=Q 0-1